000 01954 a2200253 4500
005 20260514150601.0
008 260514b |||||||| |||| 00| 0 eng d
020 _a9789353062019
040 _aCSL
_cCSL
041 _2eng
_aeng
084 _aD65,8(B):4 Q8-;19
_qCSL
100 _aMano, M Morris
_91233934
_eauthor
245 _aDigital design
250 _a6th ed
260 _aNoida :
_bPearson,
_c2026.
300 _a765p.
_b: ill.
_c; 23 cm.
500 _aIncludes appendix and index
520 _aDigital Design 6th Edition deals with basic concepts of digital logic design and covers essential technical guidelines for different circuits and digital applications. Summary Of The Book A modern take on classic concepts such as digital circuits, designs and its various procedures, the fourth edition of Digital Design (With CD) 4th Edition provides simple yet effective guidelines in a lucid and informative manner. There are specific tools that a computer and engineering student must be acquainted with when designing digitized applications. This book provides the different procedures that can be used for a wide array of digital formats and designs. There have been a number of updates inserted within this edition including the expanded key enhancements in the Verilog Hardware Description Language or HDL. Digital Designs covers a range of topics starting from basic digital systems, gate-level minimization, Boolean algebra to asynchronous sequential logic and standard graphic symbols. The students will also find this book helpful when trying to understand design at Register Transfer Level (RTL) as well as memory and programmable
650 _aCombinational logic
_91240073
650 _aDigital integrated circuits
_91240074
650 _aStandard graphic symbols
_91240075
700 _aCiletti, Michael D.
_eauthor
_91240076
942 _cTEXL
_2CC
_e6th
_hD65,8(B):4 Q8-;19
999 _c1848256
_d1848256